गढ़वाली कहावतों का तुलनात्मक कोश / (Record no. 119029)

MARC details
000 -LEADER
fixed length control field 01184nam a22002537a 4500
005 - DATE AND TIME OF LATEST TRANSACTION
control field 20170124103125.0
010 ## - LIBRARY OF CONGRESS CONTROL NUMBER
LC control number B-172098
020 ## - INTERNATIONAL STANDARD BOOK NUMBER
Terms of availability 600.00
International Standard Book Number 8179651126
035 ## - SYSTEM CONTROL NUMBER
System control number B-172098
037 ## - SOURCE OF ACQUISITION
Source of stock number/acquisition Cen Lib/Ret
040 ## - CATALOGING SOURCE
Original cataloging agency DPL
Language of cataloging HN
082 ## - DEWEY DECIMAL CLASSIFICATION NUMBER
Classification number 398.9
Item number चन्द्रशे
100 ## - MAIN ENTRY--PERSONAL NAME
Personal name चन्द्रशेखर आज़ाद
9 (RLIN) 44829
245 ## - TITLE STATEMENT
Title गढ़वाली कहावतों का तुलनात्मक कोश /
Statement of responsibility, etc चन्द्रशेखर आज़ाद
246 ## - VARYING FORM OF TITLE
Title proper/short title Gadwali kahavaton ka tulnatmak kosh /
Remainder of title by Chandrashekhar Aazad
260 ## - PUBLICATION, DISTRIBUTION, ETC. (IMPRINT)
Name of publisher, distributor, etc तक्षशिला प्रकाशन
Date of publication, distribution, etc 2006
Place of publication, distribution, etc नई दिल्ली
270 ## - ADDRESS
Address 23/4761, अंसारी रोड, दरियागंज
City नई दिल्ली
Postal code 110002
300 ## - PHYSICAL DESCRIPTION
Extent 455पृ.
Dimensions 22सेमी(सजिल्द)
650 ## - SUBJECT ADDED ENTRY--TOPICAL TERM
Topical term or geographic name as entry element हिन्दी -- कहावतें
9 (RLIN) 83008
650 ## - SUBJECT ADDED ENTRY--TOPICAL TERM
Topical term or geographic name as entry element गढ़वाली -- कुमाउनी कहावतें
9 (RLIN) 3276
650 ## - SUBJECT ADDED ENTRY--TOPICAL TERM
Topical term or geographic name as entry element Hindi - proverbs
9 (RLIN) 83009
650 ## - SUBJECT ADDED ENTRY--TOPICAL TERM
Topical term or geographic name as entry element Garhwali - Kumauni proverbs
9 (RLIN) 83010
942 ## - ADDED ENTRY ELEMENTS (KOHA)
Source of classification or shelving scheme Dewey Decimal Classification
Koha item type Hindi Books
Classification part 398.9
Call number suffix चन्द्रशे
Holdings
Withdrawn status Lost status Damaged status Not for loan Home library Current library Date acquired Source of acquisition Cost, normal purchase price Total Checkouts Full call number Barcode Date last seen Copy number Cost, replacement price Price effective from Koha item type
        Central Library Central Library 15/09/2015 Cen Lib/Ret 600.00   398.9 चन्द्रशे B-172098 15/09/2015 1 600.00 15/09/2015 Hindi Books

© Delhi Public Library
Hit Counter
free hit counter